[Event "London Classic 11th"]
[Site "London"]
[Date "2019.12.03"]
[Round "1.2"]
[White "Vachier Lagrave, Maxime"]
[Black "Carlsen, Magnus"]
[Result "1/2-1/2"]
[WhiteElo "2780"]
[BlackElo "2872"]
[Annotator "Edouard,Romain"]
[PlyCount "86"]
[EventDate "2019.12.02"]
[EventType "k.o."]
[EventRounds "2"]
[EventCountry "ENG"]
[SourceTitle "CBM 194"]
[Source "ChessBase"]
[SourceDate "2020.01.27"]
[SourceVersion "1"]
[SourceVersionDate "2020.01.27"]
[SourceQuality "1"]

1. e4 e5 2. Nf3 Nc6 3. Bb5 a6 4. Ba4 Nf6 5. O-O Nxe4 6. d4 Be7 $5 {Recent fashion!} (6... b5 7. Bb3 d5 8. dxe5 Be6 {is the main line.}) 7. Re1 ({Practice has shown that} 7. Qe2 {doesn't bring much:} b5 8. Bb3 (8. Nxe5 Nd6 $5 9. Nxc6 dxc6 10. Bb3 O-O 11. Bf4 Nf5 12. c3 c5 13. dxc5 Bxc5 14. Nd2 Bd6 15. Bxd6 Nxd6 16. Ne4 Bb7 17. Nxd6 Qxd6 18. Rad1 Qg6 $11 {1-0 (59) Shirov,A (2673)-Dubov,D (2660) Moscow 2016}) 8... d5 9. dxe5 Be6 10. Rd1 O-O (10... Nc5 $5 11. c4 Nxb3 12. axb3 b4 13. cxd5 Bxd5 14. Rxa6 Rxa6 15. Qxa6 O-O 16. Qb5 Bc4 17. Rxd8 Bxb5 18. Rxf8+ Kxf8 $44 {0-1 (40) Vokhidov,S (2526)-Khanin,S (2500) Moscow 2019}) 11. c4 bxc4 12. Bxc4 Bc5 13. Be3 Bxe3 14. Qxe3 Qb8 $1 15. Bb3 Na5 (15... Qb6 $5) 16. Nbd2 Qa7 17. Qxa7 Rxa7 18. Rac1 Rb8 19. Nd4 (19. Nxe4 $5 Nxb3 20. axb3 dxe4 21. Nd4 Bd5 22. Rc5 c6 23. Rxc6 h6 $5 $11) 19... c5 20. Nxe6 fxe6 21. Nxe4 Nxb3 22. axb3 dxe4 $11 {½-½ (73) Smeets,J (2596)-Ernst,S (2553) Amstelveen 2019}) 7... b5 8. Rxe4 $1 {Definitely the best try.} (8. Bb3 d5 9. dxe5 Be6 {transposes into a regular Open Spanish with 9.Re1 Be7, which theory claims is fine for Black.}) (8. d5 Nc5 9. dxc6 (9. Bb3 $5 Na5 10. Nxe5 d6 11. Nc6 Nxc6 12. dxc6 O-O 13. Nc3 Bf6 14. Nd5 Nxb3 15. axb3 Be6 16. c3 Re8 $11) 9... Nxa4 10. cxd7+ Qxd7 $15 {½-½ (13) Negi,P (2642)-Radjabov,T (2744) Khanty-Mansiysk 2011}) 8... d5 9. Nxe5 Nxe5 10. Rxe5 bxa4 11. b3 {A natural move, as White wants to play Ba3, but not the most ambitious one.} (11. Qe2 $1 {could be the best move - see the analysis of the fifth game of that same match: Vachier Lagrave,M (2780)-Carlsen,M (2872) London 2019, ½-½ (46).}) ({Practice has shown Black to be fine after other moves so far:} 11. Nc3 O-O (11... Be6 $2 12. Qh5 $1 g6 $2 13. Qf3 $1 Bf6 14. Rxd5 $1 Bxd5 15. Nxd5 Bg7 16. Bg5 Qxg5 17. Nxc7+ Kd8 18. Nxa8 {1-0 Lasker,E-Tarrasch,S Berlin 1916}) 12. Re1 (12. Nxa4 Bd6 13. Re1 Bf5 14. c3 Qh4 15. g3 Qh3 {would give Black typical compensation, similar to what we see in the Marshall Gambit.}) (12. Nxd5 Bd6 {is also quite unclear, since if Black retracts his rook on the e-file Black has got ...Bxh2+ regaining the pawn.}) (12. Rxd5 Bd6 13. Bf4 Be6 $1 14. Bxd6 cxd6 15. Rh5 g6 16. Rh6 a3 $1 17. bxa3 Rc8 $44 {0-1 (29) Sidorenko,I (2395)-Mikhalevski,V (2581) Israel 2019}) 12... Bd6 13. Qh5 a3 $5 (13... c6 14. Nxa4 Qa5 15. Nc3 Rb8 $44 {1-0 (39) Preotu,R (2524)-Mikhalevski,V (2581) chess.com 2019}) 14. Nxd5 axb2 15. Bxb2 Rb8 16. Rab1 Re8 (16... Be6 $5 17. c4 g6 18. Qe2 Bxd5 19. cxd5 Qg5 $11) 17. Ne3 Bf4 18. d5 (18. c4 g6 19. Qe2 Bf5 20. Rbd1 Qd6 $44) (18. Qf3 Bxe3 19. fxe3 Be6 $44) 18... Rb4 (18... Re4 $5 19. Qf3 Qe8 {also makes sense, according to the engine.}) 19. c4 Bxe3 20. Rxe3 Rxe3 21. fxe3 Rxc4 22. Bd4 c5 23. Ba1 f6 24. h3 Qe7 25. Qf3 h6 26. Re1 Re4 $15 {½-½ (68) Caruana,F (2819)-Carlsen,M (2875) Zagreb 2019}) (11. Qe1 f6 $1 (11... Be6 12. f4 $40) 12. Re2 (12. Re3 c5 $5 (12... Kf7 $5) 13. Qd1 (13. dxc5 d4 14. Re2 Kf7 $44) 13... O-O 14. Nc3 Rb8 15. b3 cxd4 16. Qxd4 Bd6 $6 {Very inspired - but probably not correct.} (16... axb3 17. axb3 Bb7 {shouldn't be much for White.}) 17. Qxd5+ Kh8 18. Rd3 Qe8 19. Bb2 Be5 20. Nxa4 Rb5 21. Qf3 (21. Qc4 $5) 21... Bb7 22. Qe3 Be4 $1 23. Rd2 Bxg2 $1 24. Kxg2 (24. f4 $5) 24... Qg6+ 25. Kf1 Bxh2 26. Re1 Rg5 27. Ke2 $2 Re8 28. Kd1 Rg1 $1 $19 {Not a fully correct game from Black, but an incredibly inspired one! 0-1 (48) Aronian,L (2780)-Mamedyarov,S (2820) Batumi 2018}) 12... Kf7 {This leads to drawish positions.} 13. Nc3 Bb4 (13... Re8 $5 14. Nxa4 Bd7 15. Nc3 Bb4 16. Rxe8 Qxe8 17. Bf4 Qxe1+ 18. Rxe1 Bxc3 19. bxc3 Re8 20. Rxe8 Bxe8 21. Bxc7 Bb5 22. f3 {½-½ Van Kampen,R (2637)-L'Ami,E (2630) Netherlands 2014}) 14. a3 Ba5 15. Bd2 Bxc3 16. Bxc3 Bf5 17. Bb4 (17. Qd2 Qd7 18. Rae1 Rhe8 19. f3 Rxe2 20. Qxe2 Re8 21. Qxa6 Rxe1+ 22. Bxe1 Bxc2 $11 {½-½ (31) Tari,A (2614)-Ernst,S (2535) Kiel 2018}) 17... Re8 18. Rxe8 Qxe8 19. Qxe8+ Rxe8 20. Re1 Rxe1+ 21. Bxe1 Bxc2 $11 {½-½ (32) Santos Ruiz,M (2583)-Vallejo Pons,F (2694) Marbella 2019}) 11... O-O ({So far} 11... Be6 {didn't prove to be bad either, but the game move looks more natural.} 12. Ba3 Bxa3 13. Nxa3 O-O 14. Nb1 Qd6 15. Nc3 axb3 16. axb3 c5 17. Ne2 (17. Re3 Rfc8 18. Rg3 Rab8 19. dxc5 Qxc5 20. h3 g6 21. Rxa6 d4 22. Ne4 Qe5 23. Ng5 d3 24. Qxd3 Bf5 25. Qf3 $6 f6 $1 26. Nxh7 Kxh7 27. Ra7+ Rc7 $15 {½-½ (43) Saric,I (2689)-Kapnisis,S (2456) Greece 2018}) 17... f6 18. Re3 c4 19. Ng3 cxb3 20. cxb3 g6 21. Qf3 Bf7 $11 {½-½ (43) Nakamura,H (2743)-Caruana,F (2818) Saint Louis 2019}) 12. Ba3 (12. Rxe7 Qxe7 13. Ba3 Qg5 14. Bxf8 Bh3 $1 15. Qf1 Kxf8 16. Nc3 Re8 17. Kh1 Qd2 $5 18. Nxd5 Bxg2+ $1 19. Qxg2 Re1+ 20. Rxe1 Qxe1+ 21. Qg1 Qe4+ {½-½ Relange,E (2490)-Benjamin,J (2595) Mermaid Beach 1998}) 12... Bxa3 13. Nxa3 {The only way White can be better in these positions is to bring the a3-knight to c5 (Nb1, Nc3, Na4, Nc5) but he never succeeds.} Re8 $1 {The "clearest" way to equalize.} (13... Qd6 14. Nb1 f6 15. Re3 Bd7 16. Nc3 Rfe8 {was played by Radjabov, and is also very solid.}) 14. Rxe8+ Qxe8 15. Qd2 (15. Nb1 axb3 16. axb3 Bf5 (16... Qc6 $5) 17. Nc3 Qc6 (17... Qe6 $5) 18. Qd2 Re8 19. Rc1 Qe6 20. f3 h5 $11 {½-½ (36) Balogh,C (2630)-Radjabov,T (2715) Poland 2013}) 15... Bf5 16. Re1 (16. Nb1 $2 Bxc2 $15) ({RR} 16. Nb1 Bxc2 17. bxa4 Bxa4 18. Nc3 Bc6 19. Re1 Qd7 20. Qe3 h6 21. h3 a5 22. Qe5 a4 23. Re3 Qd6 24. Qxd6 cxd6 25. Re7 a3 26. Rc7 Ra6 27. Kf1 Kf8 28. Rc8+ Ke7 29. Rb8 Ra5 30. Ke2 g5 {Lohia,S (2364)-Eljanov,P (2669) London ENG 2025 0-1 (54)}) 16... Qc6 {This setup paralyzes the white knight on a3. With his next move, White just tries to exchange everything and forces a draw.} 17. c4 $146 ({RR} 17. Re3 axb3 18. axb3 Re8 19. Rxe8+ Qxe8 20. Kf1 h6 21. f3 Qc6 22. g3 Qd6 23. Qa5 h5 24. Kf2 h4 25. c4 hxg3+ 26. hxg3 Qh6 27. cxd5 Qh2+ 28. Ke3 Qg1+ 29. Ke2 Qxg3 30. Nc4 Qg2+ 31. Ke3 Qg1+ {Vovk,Y (2553)-Prokofiev,V (2288) Lviv UKR 2022 ½-½ (38)}) ({RR} 17. Re3 axb3 18. axb3 Re8 19. Rxe8+ Qxe8 20. Kf1 h6 21. f3 Qc6 22. g3 Qd6 23. Qa5 h5 24. Kf2 h4 25. c4 hxg3+ 26. hxg3 Qh6 27. cxd5 Qh2+ 28. Ke3 Qg1+ 29. Ke2 Qxg3 30. Nc4 Qg2+ 31. Ke3 Qg1+ {Vovk,Y (2553)-Prokofiev,V (2288) Lviv UKR 2022 ½-½ (38)}) 17... axb3 18. axb3 h6 19. cxd5 Qxd5 20. Nc4 Be6 21. Re5 Qd7 22. d5 Rd8 $1 23. dxe6 (23. Ne3 $2 c6 $17) 23... Qxd2 24. Nxd2 Rxd2 25. g3 fxe6 26. Rxe6 Ra2 27. Rc6 Ra3 28. Rxc7 Rxb3 29. Ra7 Ra3 30. g4 h5 $5 {Not necessary, but anyway a good move to disturb White's pawn chain.} 31. gxh5 (31. g5 $6 Kh7 $15) 31... Kh7 32. Kg2 Ra5 33. f4 Ra3 34. Ra8 a5 35. Ra6 a4 36. f5 Rb3 $1 {Simplest.} 37. Rxa4 Rb5 38. Rf4 Kh6 39. f6 gxf6 40. Rxf6+ Kxh5 41. h4 Rb2+ 42. Rf2 Rxf2+ 43. Kxf2 Kxh4 1/2-1/2

[Event "London Classic 11th"]
[Site "London"]
[Date "2019.12.04"]
[Round "1.5"]
[White "Vachier Lagrave, Maxime"]
[Black "Carlsen, Magnus"]
[Result "1/2-1/2"]
[WhiteElo "2780"]
[BlackElo "2872"]
[Annotator "Edouard,Romain"]
[PlyCount "91"]
[EventDate "2019.12.02"]
[EventType "k.o."]
[EventRounds "2"]
[EventCountry "ENG"]
[SourceTitle "CBM 194"]
[Source "ChessBase"]
[SourceDate "2020.01.27"]
[SourceVersion "1"]
[SourceVersionDate "2020.01.27"]
[SourceQuality "1"]

1. e4 e5 2. Nf3 Nc6 3. Bb5 a6 4. Ba4 Nf6 5. O-O Nxe4 6. d4 Be7 7. Re1 b5 8. Rxe4 d5 9. Nxe5 Nxe5 10. Rxe5 bxa4 11. Qe2 c6 (11... Be6 12. f4 g6 {The inclusion of the moves ...f4 and g6 gives White a strong option of sacrificing an exchange on e5 (when Black plays ...Bd6) after what the black position will be disastrous on the dark squares.} 13. Nc3 a3 14. b3 Bb4 15. Na4 O-O 16. Bd2 (16. c3 $5 Bd6 17. Nc5 {may be stronger}) 16... Bd6 17. Nc5 Bf5 18. Bb4 $5 (18. Rxd5 Re8 $132) 18... Bxe5 19. fxe5 Qh4 20. c3 a5 21. Bxa3 $44 {1-0 (33) Alekseenko,K (2637)-Ernst,S (2540) Gibraltar 2019.}) ({RR} 11... Be6 12. f4 g6 13. Nc3 a3 14. b3 Bb4 15. Na4 O-O 16. c3 Bd6 17. Nc5 Bf5 18. Bxa3 Qh4 19. Rf1 c6 20. Qe1 Qxe1 21. Rexe1 Rfe8 22. Bc1 Bxc5 23. dxc5 Bd3 24. Rxe8+ Rxe8 25. Rd1 Bc2 26. Rf1 {Vachier Lagrave,M (2732)-Caruana,F (2805) Bucharest ROU 2024 ½-½}) 12. Bd2 (12. Nc3 Ra7 (12... Be6 13. f4 $1 g6 14. Nxa4 $16) 13. Bf4 $1 $146 {This could be a serious attempt at refuting the whole line.} (13. Nxa4 O-O 14. Bd2 $6 Bd6 $13 {½-½ (65) Saric,I (2695)-Ragger,M (2687) St Petersburg 2018}) 13... O-O (13... a3 14. b3 $16) 14. Re1 Be6 (14... Bd6 $2 15. Re8 $1 $18) 15. Re3 a3 16. bxa3 $1 Bxa3 (16... c5 17. Be5 $16) 17. Nxd5 Qxd5 18. Rxa3 Qxd4 19. Be5 $16 {Rg3}) ({RR} 12. b3 Ra7 13. Ba3 Be6 14. Bxe7 Qxe7 15. Nc3 axb3 16. axb3 O-O 17. Na4 Qb4 18. Qe3 g6 19. Nc5 Bf5 20. c3 Qb6 21. Re1 f6 22. Re8 Raf7 23. f3 Qa7 24. Qf4 Kg7 25. Rxf8 {1-0 (25) Puranik,A (2615)-Frendzas,P (2179) Rhodes GRE 2025}) 12... Be6 $146 (12... a5 $2 13. Nc3 $16) ({RR} 12... f6 13. Re3 Kf7 14. Nc3 a3 15. b3 Bf5 16. Re1 Bd6 17. Qf3 Qd7 18. Nxd5 cxd5 19. Qxd5+ Kg6 20. c4 Bf4 21. Qf3 Bxe3 22. Bxe3 Rae8 23. d5 h5 24. Qg3+ Kh7 25. h3 Re4 26. Rd1 Re5 27. Qf3 {Gukesh,D (2563)-Martinez Alcantara,J (2620) Chess.com INT 2020 1-0 (54)}) ({RR} 12... f6 13. Re3 Kf7 14. Nc3 a3 15. b3 Bf5 16. Re1 Bd6 17. Qf3 Qd7 18. Nxd5 cxd5 19. Qxd5+ Kg6 20. c4 Bf4 21. Qf3 Bxe3 22. Bxe3 Rae8 23. d5 h5 24. Qg3+ Kh7 25. h3 Re4 26. Rd1 Re5 27. Qf3 {Gukesh,D (2563)-Martinez Alcantara,J (2620) Chess.com INT 2020 1-0 (54)}) 13. f4 g6 (13... Qb6 $5 {is the other option:} 14. f5 (14. Bc3 g6 $13) 14... a3 $1 (14... Qxd4+ $2 15. Kh1 Qxb2 (15... a3 $2 16. Bc3 $18) 16. fxe6 O-O (16... Qxa1 $2 17. exf7+ Kf8 18. Rxe7 Qxb1+ 19. Be1 $18) 17. Bc3 Qc1+ 18. Qe1 $18) 15. Nxa3 (15. Nc3 axb2 16. Re1 Qxd4+ 17. Kh1 O-O 18. fxe6 fxe6 $44) (15. b3 $4 Qxd4+ $19) 15... Qxb2 16. Re1 Qxd4+ 17. Kh1 Bxa3 18. Rxe6+ fxe6 19. Qxe6+ Kf8 20. Bg5 h6 21. Be7+ Bxe7 22. Qxe7+ Kg8 23. Qe6+ $11) 14. Nc3 a3 15. b3 ({The move chosen by MVL is the most natural one, but actually} 15. bxa3 $5 {may be stronger. The idea is simple: play in similar fashion as in the game, while the queenside is already open. Black will have to castle kingside, and a pawn is pawn, after all.}) 15... Bd6 $1 (15... O-O 16. f5 gxf5 17. Bh6 $40) 16. f5 $1 gxf5 17. Rf1 Bxe5 $6 {A poisoned gift!} (17... O-O $1 {was the tough but right decision.} 18. Bf4 (18. Bh6 Qh4 $132) 18... Bxe5 19. Qxe5 Qe8 20. Bh6 f6 21. Qg3+ Qg6 22. Bxf8 Qxg3 23. hxg3 Kxf8 $11) 18. Qxe5 Rg8 19. Na4 Qb8 20. Qe3 Rg4 (20... Rg6 {followed with ...Kf8 and ...Kg8 might be playable, but Carlsen's continuation is more human.}) 21. Nc5 Re4 22. Nxe4 {That wasn't mandatory. White could also have played 22.Qh6 right away, for example.} fxe4 23. Qh6 Qa7 24. Qg7 (24. c3 {followed with Qxh7 would have guaranteed White a great advantage.}) (24. Qf6 $5 {to prevent ...0-0-0 also made a lot of sense.}) 24... O-O-O 25. Bb4 $6 (25. c3 {was a better move - the white bishop is more useful on the c1-h6 diagonal, as it may go to f4 while defending against ...e3.}) 25... Re8 26. Bxa3 h5 27. Bc5 Qd7 28. Qg5 e3 29. Qxe3 Bf5 30. Qf2 $6 {The white queen should aim at the other side.} (30. Qd2 $1 Bg6 (30... Be4 31. Qe2 $1 Kb7 32. Qxh5 $18) 31. Qa5 Qb7 32. Bd6 Re2 33. Re1 {and Black's position is just lost.}) 30... Bg6 31. c4 $2 {A huge blunder, surely missing Black's next move.} (31. h3 {would have kept a clear advantage.}) 31... Bd3 $1 32. Re1 (32. Rc1 Re2 $44) 32... Rxe1+ 33. Qxe1 dxc4 34. bxc4 Bxc4 35. h3 Qe6 36. Qxe6+ Bxe6 {And the rest was just played for the audience!} 37. a3 Bd5 38. Kf2 Kd7 39. g3 Be6 40. h4 Bg4 41. Ke3 Ke6 42. Kf4 Kd5 43. Ke3 Ke6 44. Kf4 Kd5 45. Ke3 Ke6 46. Kf4 1/2-1/2

[Event "London Classic 11th"]
[Site "London"]
[Date "2019.12.04"]
[Round "1.7"]
[White "Vachier Lagrave, Maxime"]
[Black "Carlsen, Magnus"]
[Result "0-1"]
[WhiteElo "2780"]
[BlackElo "2872"]
[PlyCount "90"]
[EventDate "2019.12.02"]
[EventType "k.o."]
[EventRounds "2"]
[EventCountry "ENG"]
[SourceTitle "CBM 194"]
[Source "ChessBase"]
[SourceDate "2020.01.27"]
[SourceVersion "1"]
[SourceVersionDate "2020.01.27"]
[SourceQuality "1"]

1. e4 c5 2. Nf3 d6 3. d4 cxd4 4. Nxd4 Nf6 5. Nc3 Bd7 6. Bg5 e6 7. Ndb5 Bxb5 8. Bxb5+ Nc6 9. Qf3 Be7 10. e5 dxe5 11. Bxc6+ bxc6 12. Qxc6+ Kf8 13. O-O Qc8 14. Qf3 Rb8 15. Rab1 ({RR} 15. Ne4 Nxe4 16. Bxe7+ Kxe7 17. Qxe4 Qc5 18. b3 f5 19. Qe3 Qxe3 20. fxe3 a5 21. Rfd1 g5 22. Rd2 Rhc8 23. c4 e4 24. Rc1 h5 25. c5 Rc6 26. Kf2 h4 27. Rc4 Rb4 28. Rdc2 e5 29. R4c3 Ke6 {Mishra,A (2611)-Carlsen,M (2837) chess.com INT 2025 0-1 (43)}) 15... h6 16. Bxf6 $146 ({RR} 16. Be3 Qc7 17. Ne4 Nxe4 18. Qxe4 f5 19. Qd3 Kf7 20. c4 Rhd8 21. Qe2 Bc5 {½-½ (21) De Winter,A (2150)-Lahaye,R (2417) Dieren 2022}) ({RR} 16. Bh4 g5 17. Bg3 Nd7 18. Rfd1 f6 19. h4 Kg7 20. Ne4 Rd8 21. b3 Qc6 22. Nxg5 Rbc8 23. Ne4 f5 24. Rxd7 Qxd7 25. Bxe5+ Kh7 26. Ng5+ Bxg5 27. hxg5 Qf7 28. Bf6 Rd7 29. c4 hxg5 30. Bxg5 Qg6 {Solodovnichenko,Y (2577)-Torres Sanchez,J (2275) La Nucia 2021 1-0 (38)}) 16... gxf6 17. Rfd1 f5 18. Qe3 Qc7 19. Na4 Kg7 20. b3 Qxc2 21. Qxe5+ Bf6 22. Qg3+ Kh7 23. Qd3 Rhc8 24. Qd2 Rc7 25. g3 Rbc8 26. a3 Kg6 27. Qxc2 Rxc2 28. b4 R8c4 29. Nc5 Bd4 30. Nd3 Ra2 31. Rbc1 Rxc1 32. Rxc1 Rxa3 33. Nf4+ Kf6 34. Kf1 Ra2 35. Ne2 Bb6 36. f4 Rb2 37. Rc4 Ke7 38. h4 Kd6 39. Nc3 Rf2+ 40. Ke1 Rf3 41. Ne2 Kd5 42. Rc8 Rb3 43. Kd2 Ke4 44. Nc3+ Kf3 45. Rh8 Bd4 0-1